| 000 | 00494nam a22001817a 4500 | ||
|---|---|---|---|
| 003 | 0 | ||
| 005 | 20231211121806.0 | ||
| 008 | 231104b xxu||||| |||| 00| 0 eng d | ||
| 020 | _a1-4052-1793-6 | ||
| 050 |
_aTR _bI11 2005 |
||
| 082 |
_aTR _bI11 2005 |
||
| 245 | _aI can, you can, toucan! | ||
| 260 |
_aLondon _bEgmont Books, Ltd. _cc2005. |
||
| 300 |
_a48 pages : _bcolored illustrations ; _c22 cm. |
||
| 650 | _aConduct of life. | ||
| 650 | _aChildren's literature. | ||
| 942 |
_2lcc _cBK |
||
| 999 |
_c365559 _d365559 |
||